00329nam a2200121 4500020001800000082001600018100002200034245003100056250001800087260002700105300000900132650006600141 a9781598886672 a344.046 SUL aSullivan,Thomas.F aEnvironmental Law Handbook a22 nd edition aUKbBernan Pressc2014 a1068 aenvironmental.Environmental Law,Law Handbook, Legal Reference